Statistiques concernant Les communes des Hauts-de-France sur le littoral

Cliquez ici pour prendre le quiz!

Statistiques générales

  • Ce quiz a été pris 134 fois
  • Le résultat moyen est 15 sur 49

Réponses sur la Carte

Les réponses sont colorées sur une échelle allant du rouge au vert en fonction du pourcentage des utilisateurs qui les ont devinées à leur premier essai. Vous pouvez retrouver ces pourcentages ci-dessous.
 

Statistiques - réponses

RéponseDPT% Correct
Dunkerque59
96%
Calais59
88%
Boulogne-sur-Mer59
82%
Berck62
80%
Le Touquet-Paris-Plage62
71%
Saint-Valery-sur-Somme80
57%
Gravelines59
53%
Le Crotoy80
49%
Wimereux59
49%
Grande-Synthe59
45%
Étaples62
44%
Sangatte59
39%
Bray-Dunes59
38%
Wissant59
38%
Zuydcoote59
35%
Mers-les-Bains80
33%
Grand-Fort-Philippe59
30%
Le Portel62
30%
Fort-Mahon-Plage80
28%
Merlimont62
28%
Leffrinckoucke59
27%
Mark59
27%
Quend80
27%
Cayeux-sur-Mer80
26%
Loon-Plage59
26%
Ambleteuse59
25%
Audresselles59
25%
Cucq62
25%
Oye-Plage59
24%
Ault80
23%
Escalles59
22%
Neufchâtel-Hardelot62
19%
Audinghen59
18%
Ghyvelde59
18%
Noyelles-sur-Mer80
18%
Camiers62
16%
Équihen-Plage62
15%
Groffliers62
15%
Tardinghen59
15%
Boismont80
13%
Dannes62
13%
Favières80
13%
Pendé80
13%
Ponthoile80
13%
Saint-Quentin-en-Tourmont80
13%
Woignarue80
13%
Saint-Quentin-la-Motte-Croix-au-Bailly80
12%
Lanchères80
11%
Saint-Étienne-au-Mont62
11%

Distribution des résultats

Percentile par nombre de réponses

% des personnes avec chaque résultat

Votre développement - résultats

Vous n’avez pas pris ce quiz